Top 20 Wettest Countries - Statistics

General Stats
  • This quiz has been taken 39 times
  • The average score is 13 of 20
Answer Stats
Rain mm/year Answer % Correct
2702 Indonesia
94%
2875 Malaysia
88%
3240 Colombia
82%
3142 Papua New Guinea
82%
2497 Singapore
79%
2722 Brunei
76%
2928 Panama
71%
2348 Philippines
71%
2926 Costa Rica
68%
2592 Fiji
68%
2666 Bangladesh
65%
3028 Solomon Islands
65%
2387 Guyana
56%
2331 Suriname
56%
2880 Samoa
50%
2330 Seychelles
47%
2526 Sierra Leone
44%
2391 Liberia
41%
3200 Sao Tome and Principe
41%
2350 Grenada
29%
No matching quizzes found
Score Distribution
Percent of People with Each Score
Percentile by Number Answered
Your Score History
You have not taken this quiz